El tigre y el cangrejo (Registro nro. 397)

Detalles MARC
000 - LÍDER
campo de control de longitud fija 01062nam a2200301Ia 4500
005 - FECHA Y HORA DE LA ÚLTIMA TRANSACCIÓN
campo de control 20210727153002.0
008 - ELEMENTOS DE DATOS DE LONGITUD FIJA - INFORMACIÓN GENERAL
campo de control de longitud fija 121119s1985 v a gr 000 j spa
020 ## - INTERNATIONAL STANDARD BOOK NUMBER
International Standard Book Number 9802570710
041 0# - CÓDIGO DE LENGUAJE
Código de idioma de texto / pista de sonido o título separado spa
040 ## - FUENTE DE CATALOGACIÓN
Agencia de catalogación original CO-BoRNBP
Lenguaje de catalogación spa
Descripción convenciones rda
Agencia de transcripción CO-BoRNBP
084 ## - OTRO NÚMERO DE CLASIFICACIÓN
Número de clasificación C TIG1
245 03 - TÍTULO DECLARACIÓN
Título El tigre y el cangrejo
Resto del título cuento de la tribu Pemon
Declaración de responsabilidad recopilado por Fray Cesáreo de Armellada ; adaptado por Verónica Uribe ; ilustraciones Laura Liberatore
250 ## - DECLARACIÓN DE EDICIÓN
Sentencia de edición Primera edición
264 #1 - AVISO DE PRODUCCIÓN, PUBLICACIÓN, DISTRIBUCIÓN, FABRICACIÓN Y DERECHOS DE AUTOR
Lugar de producción Caracas
Nombre del productor Ediciones Ekar
Fecha de producción 1985
300 ## - DESCRIPCIÓN FÍSICA
Alcance 36 páginas
Otros datos físicos ilustaciones
Dimensiones 21 cm.
336 ## - TIPO DE CONTENIDO
Tipo de contenido texto
Código de tipo de contenido txt
Fuente rdacontent
337 ## - TIPO DE MEDIO
Término del tipo de medio sin mediación
Código de tipo de medio n
Fuente rdamedia
338 ## - TIPO DE PORTADOR
Término del tipo de operador volumen
Código de tipo de operador nc
Fuente rdacarrier
490 0# - DECLARACIÓN EN SERIE
Estado de cuenta de la serie Narraciones indígenas
650 14 - ENTRADA DE SUJETO AÑADIDO - TÉRMINO TÓPICO
Fuente del título o término LEMB
Término tópico o elemento de entrada del nombre geográfico Leyendas indígenas
Subdivisión geográfica Venezuela
650 14 - ENTRADA DE SUJETO AÑADIDO - TÉRMINO TÓPICO
Fuente del título o término LEMB
Término tópico o elemento de entrada del nombre geográfico Literatura infantil
650 14 - ENTRADA DE SUJETO AÑADIDO - TÉRMINO TÓPICO
Fuente del título o término LEMB
Término tópico o elemento de entrada del nombre geográfico Animales
Subdivisión de forma Cuentos
650 14 - ENTRADA DE SUJETO AÑADIDO - TÉRMINO TÓPICO
Fuente del título o término LEMB
Término tópico o elemento de entrada del nombre geográfico Tigres
Subdivisión de forma Cuentos
700 1# - ENTRADA AGREGADA - NOMBRE PERSONAL
Nombre de la persona Armellada, Cesáreo de, Fray
Término del Relator compilador
700 1# - ENTRADA AGREGADA - NOMBRE PERSONAL
Nombre de la persona Uribe, Verónica
Término del Relator adaptador
700 1# - ENTRADA AGREGADA - NOMBRE PERSONAL
Nombre de la persona Liberatore, Laura
Término del Relator ilustrador
942 ## - ELEMENTOS DE ENTRADA AGREGADOS (KOHA)
Fuente de clasificación o esquema de estanterías
Tipo de artículo Koha Literartura
Existencias
Estado de retirada Pérdida de estatus Fuente de clasificación o esquema de estanterías Estado dañado No para préstamo Código de recogida Ubicación permanente Ubicación actual Ubicación de las estanterías Fecha de adquisición Fuente de adquisición Número de control de estanterías Número Topográfico Código de barras Precio efectivo desde Número de copia Fecha de la última vez que se vio Tipo de artículo Koha Total de Cajas
    Dewey Decimal Classification     Infantil Biblioteca Pública Municipal Isaías Naranjo Ríos Biblioteca Pública Municipal Isaías Naranjo Ríos Área Infantil 03/10/2012 Dotación ministerio de cultura   LM TIG1 API01 - 1398 07/09/2024 Ej.1 07/09/2024 Literartura  
    Dewey Decimal Classification     General Biblioteca Pública Municipal León de Greiff Biblioteca Pública Municipal León de Greiff Área General 27/01/2023 Dotación Ministerio de Cultura 12 C TIG1 MAR11 - 1077 27/01/2023 Ej. 1 27/01/2023 Literartura